[Event "Deutsche Ländermeisterschaft 2025"]
[Site "Oer-Erkenschwick GER"]
[Date "2025.10.05"]
[Round "7"]
[White "Oellrich, Emma"]
[Black "Steinbrenner, Peter"]
[Result "0-1"]
[Termination "normal"]
[Board "4.6"]
[WhiteElo "1764"]
[BlackElo "2007"]
[WhiteClock "00:14:50"]
[BlackClock "00:25:21"]
[WhiteTeam "Niedersachsen"]
[BlackTeam "Rheinland-Pfalz"]
[PlyCount "68"]
[WhiteFideId "16268806"]
[BlackFideId "34645535"]
[EventCountry "GER"]
[EventRounds "7"]
[EventType "team-swiss"]
[EventDate "2025.09.30"]

1. d4 {[%clk 01:30:58]} Nf6 {[%clk 01:30:51]} {[%emt 00:00:10]} 2. c4 {[%clk
01:31:23]} {[%emt 00:00:05]} e6 {[%clk 01:31:16]} {[%emt 00:00:04]} 3. Nf3
{[%clk 01:31:49]} {[%emt 00:00:05]} d5 {[%clk 01:31:42]} {[%emt 00:00:04]} 4.
Nc3 {[%clk 01:32:13]} {[%emt 00:00:06]} a6 {[%clk 01:32:01]} {[%emt 00:00:11]}
5. c5 {[%clk 01:32:14]} {[%emt 00:00:29]} b6 {[%clk 01:32:25]} {[%emt
00:00:06]} 6. cxb6 {[%clk 01:32:40]} {[%emt 00:00:04]} cxb6 {[%clk 01:32:45]}
{[%emt 00:00:11]} 7. a4 {[%clk 01:32:35]} {[%emt 00:00:35]} Bb7 {[%clk
01:32:39]} {[%emt 00:00:35]} 8. Bg5 {[%clk 01:32:25]} {[%emt 00:00:39]} Nbd7
{[%clk 01:31:56]} {[%emt 00:01:14]} 9. e3 {[%clk 01:32:07]} {[%emt 00:00:49]}
Bd6 {[%clk 01:30:28]} {[%emt 00:01:57]} 10. Bd3 {[%clk 01:29:55]} {[%emt
00:02:41]} Qb8 {[%clk 01:27:46]} {[%emt 00:03:12]} 11. Rc1 {[%clk 01:29:05]}
{[%emt 00:01:20]} O-O {[%clk 01:25:02]} {[%emt 00:03:14]} 12. Qc2 {[%clk
01:28:43]} {[%emt 00:00:52]} Rc8 {[%clk 01:21:02]} {[%emt 00:04:30]} 13. Qb1
{[%clk 01:28:46]} {[%emt 00:00:27]} Ne4 {[%clk 01:20:05]} {[%emt 00:01:28]} 14.
Bh4 {[%clk 01:24:41]} {[%emt 00:04:35]} f5 {[%clk 01:16:36]} {[%emt 00:03:59]}
15. Ng5 {[%clk 01:20:48]} {[%emt 00:04:23]} Re8 {[%clk 01:15:09]} {[%emt
00:01:56]} 16. Ngxe4 {[%clk 01:18:34]} {[%emt 00:02:44]} fxe4 {[%clk 01:15:27]}
{[%emt 00:00:12]} 17. Bc2 {[%clk 01:18:29]} {[%emt 00:00:36]} Nf8 {[%clk
01:12:34]} {[%emt 00:03:24]} 18. Bg3 {[%clk 01:15:04]} {[%emt 00:03:55]} Ng6
{[%clk 01:11:34]} {[%emt 00:01:30]} 19. Bxd6 {[%clk 01:11:43]} {[%emt
00:03:51]} Qxd6 {[%clk 01:11:57]} {[%emt 00:00:07]} 20. O-O {[%clk 01:10:50]}
{[%emt 00:01:22]} e5 {[%clk 01:04:46]} {[%emt 00:07:41]} 21. dxe5 {[%clk
01:10:48]} {[%emt 00:00:33]} Rxe5 {[%clk 01:04:48]} {[%emt 00:00:28]} 22. Rcd1
{[%clk 01:11:00]} {[%emt 00:00:18]} Rh5 {[%clk 00:58:22]} {[%emt 00:06:56]} 23.
h3 {[%clk 01:04:22]} {[%emt 00:07:08]} Qe6 {[%clk 00:47:49]} {[%emt 00:11:03]}
24. f3 {[%clk 00:59:42]} {[%emt 00:05:10]} Nh4 {[%clk 00:40:58]} {[%emt
00:07:21]} 25. f4 {[%clk 00:45:57]} {[%emt 00:14:15]} Qg6 {[%clk 00:40:13]}
{[%emt 00:01:15]} 26. Rf2 {[%clk 00:45:08]} {[%emt 00:01:18]} Qg3 {[%clk
00:36:47]} {[%emt 00:03:56]} 27. Qc1 {[%clk 00:41:32]} {[%emt 00:04:07]} Nf5
{[%clk 00:31:14]} {[%emt 00:06:03]} 28. Bb3 {[%clk 00:28:41]} {[%emt 00:13:21]}
Rxh3 {[%clk 00:26:41]} {[%emt 00:05:03]} 29. Nxe4 {[%clk 00:28:38]} {[%emt
00:00:33]} Qh2+ {[%clk 00:27:05]} {[%emt 00:00:06]} 30. Kf1 {[%clk 00:29:03]}
{[%emt 00:00:05]} Rxe3 {[%clk 00:27:01]} {[%emt 00:00:35]} 31. Rf3 {[%clk
00:26:13]} {[%emt 00:03:20]} Rxf3+ {[%clk 00:24:35]} {[%emt 00:02:56]} 32. gxf3
{[%clk 00:26:33]} {[%emt 00:00:10]} Kh8 {[%clk 00:24:47]} {[%emt 00:00:18]} 33.
Bxd5 {[%clk 00:16:23]} {[%emt 00:10:40]} Bxd5 {[%clk 00:25:05]} {[%emt
00:00:11]} 34. Qd2 {[%clk 00:14:50]} {[%emt 00:02:03]} Bc4+ {[%clk 00:25:21]}
{[%emt 00:00:15]} 0-1

[Event "Deutsche Ländermeisterschaft 2025"]
[Site "Oer-Erkenschwick GER"]
[Date "2025.10.05"]
[Round "7"]
[White "Gyácsok, Dzvinka"]
[Black "Zhang, Jiahui"]
[Result "1-0"]
[Termination "normal"]
[Board "4.7"]
[WhiteElo "1676"]
[BlackElo "1575"]
[WhiteClock "00:09:57"]
[BlackClock "00:20:52"]
[WhiteTeam "Rheinland-Pfalz"]
[BlackTeam "Niedersachsen"]
[PlyCount "103"]
[WhiteFideId "16298292"]
[BlackFideId "533001308"]
[EventCountry "GER"]
[EventRounds "7"]
[EventType "team-swiss"]
[EventDate "2025.09.30"]

1. e4 {[%clk 01:30:57]} {[%emt 00:00:02]} c6 {[%clk 01:30:53]} {[%emt
00:00:08]} 2. d4 {[%clk 01:31:16]} {[%emt 00:00:11]} d5 {[%clk 01:31:18]}
{[%emt 00:00:04]} 3. exd5 {[%clk 01:31:40]} {[%emt 00:00:07]} cxd5 {[%clk
01:31:43]} {[%emt 00:00:05]} 4. Bd3 {[%clk 01:31:45]} {[%emt 00:00:24]} Nc6
{[%clk 01:31:18]} {[%emt 00:00:55]} 5. c3 {[%clk 01:31:53]} {[%emt 00:00:22]}
Nf6 {[%clk 01:31:16]} {[%emt 00:00:31]} 6. h3 {[%clk 01:31:14]} {[%emt
00:01:09]} e6 {[%clk 01:30:58]} {[%emt 00:00:48]} 7. Nf3 {[%clk 01:29:29]}
{[%emt 00:02:16]} Bd6 {[%clk 01:30:04]} {[%emt 00:01:23]} 8. O-O {[%clk
01:27:51]} {[%emt 00:02:08]} O-O {[%clk 01:29:26]} {[%emt 00:01:08]} 9. Re1
{[%clk 01:24:43]} {[%emt 00:03:39]} Qc7 {[%clk 01:28:47]} {[%emt 00:01:08]} 10.
Qe2 {[%clk 01:21:26]} {[%emt 00:03:48]} Re8 {[%clk 01:26:49]} {[%emt 00:02:28]}
11. Ne5 {[%clk 01:17:49]} {[%emt 00:04:07]} Bxe5 {[%clk 01:19:15]} {[%emt
00:08:04]} 12. dxe5 {[%clk 01:16:09]} {[%emt 00:02:10]} Nd7 {[%clk 01:18:44]}
{[%emt 00:01:00]} 13. Bf4 {[%clk 01:06:17]} {[%emt 00:10:23]} Nf8 {[%clk
01:12:14]} {[%emt 00:07:00]} 14. Nd2 {[%clk 01:01:03]} {[%emt 00:05:44]} Ne7
{[%clk 01:08:07]} {[%emt 00:04:37]} 15. Nf3 {[%clk 00:57:33]} {[%emt 00:04:01]}
Neg6 {[%clk 01:04:57]} {[%emt 00:03:39]} 16. Bg3 {[%clk 00:51:18]} {[%emt
00:06:42]} Ne7 {[%clk 00:52:55]} {[%emt 00:12:35]} 17. Nd4 {[%clk 00:41:49]}
{[%emt 00:09:59]} a6 {[%clk 00:47:44]} {[%emt 00:05:41]} 18. a4 {[%clk
00:39:18]} {[%emt 00:03:02]} Bd7 {[%clk 00:46:27]} {[%emt 00:01:46]} 19. h4
{[%clk 00:37:11]} {[%emt 00:02:37]} Qd8 {[%clk 00:45:02]} {[%emt 00:01:54]} 20.
h5 {[%clk 00:34:57]} {[%emt 00:02:45]} Nf5 {[%clk 00:41:56]} {[%emt 00:03:36]}
21. Qg4 {[%clk 00:28:54]} {[%emt 00:06:29]} Nxg3 {[%clk 00:36:22]} {[%emt
00:06:07]} 22. fxg3 {[%clk 00:23:42]} {[%emt 00:05:43]} h6 {[%clk 00:35:54]}
{[%emt 00:00:59]} 23. Rf1 {[%clk 00:19:58]} {[%emt 00:04:14]} Re7 {[%clk
00:33:27]} {[%emt 00:02:57]} 24. Rf2 {[%clk 00:18:04]} {[%emt 00:02:24]} Nh7
{[%clk 00:28:26]} {[%emt 00:05:31]} 25. Bxh7+ {[%clk 00:14:56]} {[%emt
00:03:39]} Kxh7 {[%clk 00:28:33]} {[%emt 00:00:23]} 26. Raf1 {[%clk 00:14:01]}
{[%emt 00:01:25]} Qg8 {[%clk 00:27:16]} {[%emt 00:01:47]} 27. Qd1 {[%clk
00:12:16]} {[%emt 00:02:14]} Rc8 {[%clk 00:25:31]} {[%emt 00:02:16]} 28. Qb3
{[%clk 00:10:58]} {[%emt 00:01:47]} Rc7 {[%clk 00:22:42]} {[%emt 00:03:20]} 29.
Qc2+ {[%clk 00:07:50]} {[%emt 00:03:38]} Kh8 {[%clk 00:22:11]} {[%emt
00:01:02]} 30. Rf3 {[%clk 00:07:05]} {[%emt 00:01:12]} Bc8 {[%clk 00:20:08]}
{[%emt 00:02:36]} 31. g4 {[%clk 00:06:01]} {[%emt 00:01:34]} Qh7 {[%clk
00:17:54]} {[%emt 00:02:44]} 32. Qf2 {[%clk 00:03:19]} {[%emt 00:03:08]} Kg8
{[%clk 00:12:26]} {[%emt 00:06:00]} 33. Qg3 {[%clk 00:02:20]} {[%emt 00:01:30]}
Re8 {[%clk 00:07:09]} {[%emt 00:05:47]} 34. g5 {[%clk 00:02:13]} {[%emt
00:00:37]} hxg5 {[%clk 00:06:52]} {[%emt 00:00:46]} 35. Qxg5 {[%clk 00:02:21]}
{[%emt 00:00:23]} Qh6 {[%clk 00:06:06]} {[%emt 00:01:16]} 36. Qg4 {[%clk
00:01:17]} {[%emt 00:01:34]} Kf8 {[%clk 00:03:25]} {[%emt 00:03:12]} 37. Qg6
{[%clk 00:01:01]} {[%emt 00:00:45]} Ree7 {[%clk 00:02:43]} {[%emt 00:01:12]}
38. Qxh6 {[%emt 00:00:32]} gxh6 {[%clk 00:03:06]} {[%emt 00:00:06]} 39. Rf6
{[%clk 00:01:18]} {[%emt 00:00:12]} Kg7 {[%clk 00:02:56]} {[%emt 00:00:40]} 40.
g4 {[%clk 00:00:52]} {[%emt 00:00:56]} Kh7 {[%clk 00:00:36]} {[%emt 00:02:51]}
41. Kg2 {[%clk 00:29:14]} {[%emt 00:02:07]} b5 {[%clk 00:25:21]} {[%emt
00:05:46]} 42. axb5 {[%clk 00:27:20]} {[%emt 00:02:24]} axb5 {[%clk 00:25:45]}
{[%emt 00:00:07]} 43. Nxb5 {[%clk 00:24:32]} {[%emt 00:03:18]} Ba6 {[%clk
00:25:10]} {[%emt 00:01:04]} 44. Nxc7 {[%clk 00:22:48]} {[%emt 00:02:15]} Bxf1+
{[%clk 00:25:33]} {[%emt 00:00:07]} 45. Rxf1 {[%clk 00:22:45]} {[%emt
00:00:34]} Rxc7 {[%clk 00:25:56]} {[%emt 00:00:06]} 46. Rf4 {[%clk 00:20:10]}
{[%emt 00:03:03]} Rc4 {[%clk 00:23:39]} {[%emt 00:02:49]} 47. Rxf7+ {[%clk
00:13:39]} {[%emt 00:07:01]} Kg8 {[%clk 00:24:00]} {[%emt 00:00:09]} 48. Rf6
{[%clk 00:13:16]} {[%emt 00:00:49]} Rxg4+ {[%clk 00:24:11]} {[%emt 00:00:23]}
49. Kh3 {[%clk 00:11:08]} {[%emt 00:02:38]} Rg5 {[%clk 00:23:51]} {[%emt
00:00:50]} 50. Rg6+ {[%clk 00:10:03]} {[%emt 00:01:35]} Rxg6 {[%clk 00:20:30]}
{[%emt 00:03:52]} 51. hxg6 {[%clk 00:10:12]} {[%emt 00:00:21]} Kg7 {[%clk
00:20:52]} {[%emt 00:00:08]} 52. b4 {[%clk 00:09:57]} {[%emt 00:00:44]} 1-0

[Event "Deutsche Ländermeisterschaft 2025"]
[Site "Oer-Erkenschwick GER"]
[Date "2025.10.05"]
[Round "7"]
[White "Benitez Villalba, Amaia Beatriz"]
[Black "Frydel, Helena"]
[Result "0-1"]
[Termination "normal"]
[Board "4.8"]
[WhiteElo "1015"]
[BlackElo "1549"]
[WhiteClock "00:58:46"]
[BlackClock "00:48:54"]
[WhiteTeam "Niedersachsen"]
[BlackTeam "Rheinland-Pfalz"]
[PlyCount "38"]
[WhiteFideId "3714802"]
[BlackFideId "16266536"]
[EventCountry "GER"]
[EventRounds "7"]
[EventType "team-swiss"]
[EventDate "2025.09.30"]

1. d4 {[%emt 00:00:04]} d5 {[%clk 01:30:52]} {[%emt 00:00:07]} 2. Nf3 {[%clk
01:31:22]} {[%emt 00:00:04]} Nf6 {[%clk 01:31:09]} {[%emt 00:00:13]} 3. e3
{[%clk 01:31:41]} {[%emt 00:00:11]} Bf5 {[%clk 01:31:33]} {[%emt 00:00:07]} 4.
Bd3 {[%clk 01:30:01]} {[%emt 00:02:10]} Bxd3 {[%clk 01:29:12]} {[%emt
00:02:52]} 5. cxd3 {[%clk 01:30:04]} {[%emt 00:00:26]} e6 {[%clk 01:26:10]}
{[%emt 00:03:32]} 6. Nbd2 {[%clk 01:27:06]} {[%emt 00:03:27]} Nc6 {[%clk
01:16:03]} {[%emt 00:10:38]} 7. a3 {[%clk 01:20:44]} {[%emt 00:06:52]} a5
{[%clk 01:16:03]} {[%emt 00:00:30]} 8. b3 {[%clk 01:18:05]} {[%emt 00:03:09]}
Be7 {[%clk 01:13:00]} {[%emt 00:03:33]} 9. Bb2 {[%clk 01:17:30]} {[%emt
00:01:04]} O-O {[%clk 01:10:45]} {[%emt 00:02:46]} 10. O-O {[%clk 01:17:12]}
{[%emt 00:00:48]} Re8 {[%clk 01:03:21]} {[%emt 00:07:55]} 11. Qc2 {[%clk
01:14:50]} {[%emt 00:02:51]} Bd6 {[%clk 01:00:13]} {[%emt 00:03:39]} 12. e4
{[%clk 01:10:03]} {[%emt 00:05:16]} e5 {[%clk 00:54:43]} {[%emt 00:06:01]} 13.
Rfe1 {[%clk 01:06:54]} {[%emt 00:03:38]} exd4 {[%clk 00:51:28]} {[%emt
00:03:47]} 14. Nxd4 {[%clk 01:06:48]} {[%emt 00:00:35]} Nxd4 {[%clk 00:51:09]}
{[%emt 00:00:49]} 15. Bxd4 {[%clk 01:07:00]} {[%emt 00:00:17]} dxe4 {[%clk
00:51:14]} {[%emt 00:00:26]} 16. Bxf6 {[%clk 01:05:04]} {[%emt 00:02:26]} Qxf6
{[%clk 00:50:39]} {[%emt 00:01:05]} 17. Nxe4 {[%clk 01:03:09]} {[%emt
00:02:25]} Qe5 {[%clk 00:48:53]} {[%emt 00:02:16]} 18. Nxd6 {[%clk 01:02:18]}
{[%emt 00:01:20]} Qxe1+ {[%clk 00:48:54]} {[%emt 00:00:29]} 19. Rxe1 {[%clk
00:58:46]} {[%emt 00:04:01]} Rxe1# {[%emt 00:00:41]} 0-1

[Event "Deutsche Ländermeisterschaft 2025"]
[Site "Oer-Erkenschwick GER"]
[Date "2025.10.05"]
[Round "7"]
[White "Spriestersbach, Kai"]
[Black "Fuhrmann, Bahne"]
[Result "0-1"]
[Termination "normal"]
[Board "5.1"]
[WhiteTitle "FM"]
[BlackTitle "FM"]
[WhiteElo "2194"]
[BlackElo "2225"]
[WhiteClock "01:08:45"]
[BlackClock "00:42:49"]
[WhiteTeam "Nordrhein-Westfalen 2"]
[BlackTeam "Hamburg 1"]
[PlyCount "36"]
[WhiteFideId "16269985"]
[BlackFideId "16244842"]
[EventCountry "GER"]
[EventRounds "7"]
[EventType "team-swiss"]
[EventDate "2025.09.30"]

1. e4 {[%clk 01:30:58]} e5 {[%clk 01:30:56]} {[%emt 00:00:05]} 2. Nf3 {[%clk
01:31:24]} {[%emt 00:00:04]} Nc6 {[%clk 01:31:24]} {[%emt 00:00:03]} 3. Bb5
{[%clk 01:31:47]} {[%emt 00:00:06]} a6 {[%clk 01:31:51]} {[%emt 00:00:03]} 4.
Ba4 {[%clk 01:32:13]} {[%emt 00:00:04]} Nf6 {[%clk 01:32:18]} {[%emt 00:00:03]}
5. d3 {[%clk 01:32:25]} {[%emt 00:00:18]} Bc5 {[%clk 01:32:39]} {[%emt
00:00:09]} 6. Nc3 {[%clk 01:30:43]} {[%emt 00:02:12]} d6 {[%clk 01:32:20]}
{[%emt 00:00:50]} 7. Nd5 {[%clk 01:26:34]} {[%emt 00:04:39]} Nxd5 {[%clk
01:31:26]} {[%emt 00:01:24]} 8. exd5 {[%clk 01:26:51]} {[%emt 00:00:12]} b5
{[%clk 01:31:50]} {[%emt 00:00:06]} 9. dxc6 {[%clk 01:26:43]} {[%emt 00:00:38]}
bxa4 {[%clk 01:32:13]} {[%emt 00:00:07]} 10. c3 {[%clk 01:22:52]} {[%emt
00:04:20]} Qf6 {[%clk 01:21:18]} {[%emt 00:11:25]} 11. O-O {[%clk 01:10:07]}
{[%emt 00:13:16]} Bg4 {[%clk 01:04:55]} {[%emt 00:16:53]} 12. Be3 {[%clk
01:09:20]} {[%emt 00:01:16]} Bxf3 {[%clk 01:03:36]} {[%emt 00:01:50]} 13. Qxf3
{[%clk 01:09:49]} {[%emt 00:00:01]} Qxf3 {[%clk 01:03:53]} {[%emt 00:00:13]}
14. gxf3 {[%clk 01:10:15]} {[%emt 00:00:04]} Bxe3 {[%clk 00:57:25]} {[%emt
00:06:59]} 15. fxe3 {[%clk 01:10:44]} {[%emt 00:00:01]} Rb8 {[%clk 00:50:33]}
{[%emt 00:07:21]} 16. b3 {[%clk 01:11:04]} {[%emt 00:00:10]} Rb6 {[%clk
00:48:14]} {[%emt 00:02:50]} 17. bxa4 {[%clk 01:11:28]} {[%emt 00:00:06]} Ke7
{[%clk 00:46:12]} {[%emt 00:02:32]} 18. c4 {[%clk 01:08:45]} {[%emt 00:03:13]}
Rhb8 {[%clk 00:42:49]} {[%emt 00:03:54]} 0-1

[Event "Deutsche Ländermeisterschaft 2025"]
[Site "Oer-Erkenschwick GER"]
[Date "2025.10.05"]
[Round "7"]
[White "Eberle, Triona"]
[Black "Vortmeier, Jan"]
[Result "1/2-1/2"]
[Termination "normal"]
[Board "5.2"]
[WhiteElo "2010"]
[BlackElo "2196"]
[WhiteClock "00:55:37"]
[BlackClock "00:16:53"]
[WhiteTeam "Hamburg 1"]
[BlackTeam "Nordrhein-Westfalen 2"]
[PlyCount "87"]
[WhiteFideId "34627731"]
[BlackFideId "16261321"]
[EventCountry "GER"]
[EventRounds "7"]
[EventType "team-swiss"]
[EventDate "2025.09.30"]

1. e4 {[%clk 01:30:58]} e5 {[%clk 01:30:54]} {[%emt 00:00:06]} 2. Nf3 {[%clk
01:31:24]} {[%emt 00:00:04]} Nc6 {[%clk 01:31:18]} {[%emt 00:00:07]} 3. Bb5
{[%clk 01:31:44]} {[%emt 00:00:10]} a6 {[%clk 01:31:41]} {[%emt 00:00:07]} 4.
Ba4 {[%clk 01:32:10]} {[%emt 00:00:03]} Nf6 {[%clk 01:32:01]} {[%emt 00:00:09]}
5. O-O {[%clk 01:32:33]} {[%emt 00:00:07]} d6 {[%clk 01:32:26]} {[%emt
00:00:06]} 6. Re1 {[%clk 01:32:43]} {[%emt 00:00:19]} Bd7 {[%clk 01:32:46]}
{[%emt 00:00:11]} 7. c3 {[%clk 01:32:58]} {[%emt 00:00:15]} g6 {[%clk
01:33:10]} {[%emt 00:00:07]} 8. d4 {[%clk 01:33:07]} {[%emt 00:00:21]} Bg7
{[%clk 01:33:34]} {[%emt 00:00:06]} 9. Nbd2 {[%clk 01:33:00]} {[%emt 00:00:37]}
O-O {[%clk 01:33:51]} {[%emt 00:00:13]} 10. Nf1 {[%clk 01:32:55]} {[%emt
00:00:34]} exd4 {[%clk 01:33:59]} {[%emt 00:00:23]} 11. cxd4 {[%clk 01:33:15]}
{[%emt 00:00:10]} b5 {[%clk 01:33:57]} {[%emt 00:00:32]} 12. Bc2 {[%clk
01:33:29]} {[%emt 00:00:16]} Bg4 {[%clk 01:33:34]} {[%emt 00:00:53]} 13. Be3
{[%clk 01:33:24]} {[%emt 00:00:35]} Nh5 {[%clk 01:33:32]} {[%emt 00:00:32]} 14.
Bb3 {[%clk 01:29:41]} {[%emt 00:04:12]} Bxf3 {[%clk 01:27:36]} {[%emt
00:06:26]} 15. gxf3 {[%clk 01:27:09]} {[%emt 00:03:03]} Qf6 {[%clk 01:24:30]}
{[%emt 00:03:36]} 16. Bd5 {[%clk 01:27:07]} {[%emt 00:00:31]} Nxd4 {[%clk
01:24:46]} {[%emt 00:00:14]} 17. Bxd4 {[%clk 01:27:05]} {[%emt 00:00:32]} Qxd4
{[%clk 01:25:09]} {[%emt 00:00:07]} 18. Qxd4 {[%clk 01:26:27]} {[%emt
00:01:09]} Bxd4 {[%clk 01:21:03]} {[%emt 00:04:36]} 19. Bxa8 {[%clk 01:26:53]}
{[%emt 00:00:04]} Rxa8 {[%clk 01:21:21]} {[%emt 00:00:12]} 20. Re2 {[%clk
01:25:04]} {[%emt 00:02:18]} Nf4 {[%clk 01:13:15]} {[%emt 00:08:36]} 21. Rd2
{[%clk 01:24:46]} {[%emt 00:00:48]} c5 {[%clk 01:11:29]} {[%emt 00:02:17]} 22.
Ne3 {[%clk 01:24:28]} {[%emt 00:00:47]} Re8 {[%clk 00:56:30]} {[%emt 00:15:29]}
23. Rad1 {[%clk 01:23:12]} {[%emt 00:01:46]} h5 {[%clk 00:47:48]} {[%emt
00:09:12]} 24. Kf1 {[%clk 01:20:49]} {[%emt 00:02:53]} Be5 {[%clk 00:40:00]}
{[%emt 00:08:18]} 25. b3 {[%clk 01:20:11]} {[%emt 00:01:08]} Rc8 {[%clk
00:36:56]} {[%emt 00:03:34]} 26. Rc2 {[%clk 01:14:50]} {[%emt 00:05:51]} Ne6
{[%clk 00:35:21]} {[%emt 00:02:05]} 27. Nd5 {[%clk 01:14:33]} {[%emt 00:00:48]}
Kf8 {[%clk 00:35:27]} {[%emt 00:00:23]} 28. Kg2 {[%clk 01:14:43]} {[%emt
00:00:19]} Rb8 {[%clk 00:30:37]} {[%emt 00:05:21]} 29. h3 {[%clk 01:08:30]}
{[%emt 00:06:43]} a5 {[%clk 00:30:03]} {[%emt 00:01:04]} 30. Rb1 {[%clk
01:08:37]} {[%emt 00:00:24]} a4 {[%clk 00:27:12]} {[%emt 00:03:21]} 31. bxa4
{[%clk 01:08:05]} {[%emt 00:01:01]} b4 {[%clk 00:27:35]} {[%emt 00:00:07]} 32.
a3 {[%clk 01:08:04]} {[%emt 00:00:32]} b3 {[%clk 00:27:50]} {[%emt 00:00:15]}
33. Rc4 {[%clk 01:08:15]} {[%emt 00:00:18]} b2 {[%clk 00:25:47]} {[%emt
00:02:33]} 34. a5 {[%clk 01:08:29]} {[%emt 00:00:17]} Nf4+ {[%clk 00:18:32]}
{[%emt 00:07:44]} 35. Nxf4 {[%clk 00:58:51]} {[%emt 00:10:09]} Bxf4 {[%clk
00:18:57]} {[%emt 00:00:05]} 36. a6 {[%clk 00:56:18]} {[%emt 00:03:03]} Be5
{[%clk 00:18:55]} {[%emt 00:00:31]} 37. a7 {[%clk 00:56:29]} {[%emt 00:00:19]}
Ra8 {[%clk 00:19:20]} {[%emt 00:00:05]} 38. Ra4 {[%clk 00:56:56]} {[%emt
00:00:04]} Ke7 {[%clk 00:17:25]} {[%emt 00:02:24]} 39. f4 {[%clk 00:56:05]}
{[%emt 00:01:21]} Bd4 {[%clk 00:17:45]} {[%emt 00:00:10]} 40. Kf1 {[%clk
00:55:52]} {[%emt 00:00:43]} Kd7 {[%clk 00:17:53]} {[%emt 00:00:22]} 41. Ke2
{[%clk 00:55:36]} {[%emt 00:00:46]} Kc6 {[%clk 00:18:10]} {[%emt 00:00:13]} 42.
Ra6+ {[%clk 00:55:57]} {[%emt 00:00:09]} Kb5 {[%clk 00:18:17]} {[%emt
00:00:22]} 43. Rxd6 {[%clk 00:56:19]} {[%emt 00:00:08]} Rxa7 {[%clk 00:16:53]}
{[%emt 00:01:55]} 44. Rxd4 {[%clk 00:55:37]} {[%emt 00:01:12]} 1/2-1/2